000 01313cam a2200349 i 4500
999 _c200442415
_d60627
003 TR-AnTOB
005 20240116001139.0
007 ta
008 870213s1983 tu a b f000 0 tur
040 _aDLC
_beng
_erda
_cDLC
_dDLC
_dTR-AnTOB
041 0 _atur
043 _aa-tu---
050 0 4 _aHG5706.5.A3
_bA855 1983
090 _aHG5706.5.A3
_bA855 1983
100 1 _aAşıkoğlu, Rıza
_eauthor
_9131740
245 1 0 _aSermaye piyasası aracı olarak enflasyon ortamında tahvilleri değerleme /
_cDr. Rıza Aşıkoğlu.
264 1 _a[Eskişehir, Turkey] :
_bAnadolu Üniversitesi,
_c1983.
300 _axii, 155 pages :
_billustrations ;
_c24 cm
336 _2rdacontent
_atext
_btxt
337 _2rdamedia
_aunmediated
_bn
338 _2rdacarrier
_avolume
_bnc
490 0 _aT.C. Anadolu Üniversitesi yayınları ;
_vno. 35.
_aİktisadi ve İdari Bilimler Fakültesi yayınları ;
_vno. 13
502 _aThesis (Ph. D.)--Anadolu Üniversitesi, 1983.
504 _aBIB
650 0 _aSermaye piyasası
_zTürkiye
_917859
650 7 _aEnflasyon (Finans)
_zTürkiye
_2etuturkob
_919290
650 7 _aBonolar
_zTürkiye
_2etuturkob
_918042
710 2 _aAnadolu Üniversitesi.
_bİktisadi ve İdari Bilimler Fakültesi
_945737
942 _2lcc
_cBK